Aktuálne otázky marketingu v agropotravinárskom priemysle

Trendy v ekonomike podľa americkej marketingovej firmy BrainReserv. Vplyv týchto trendov v podmienkach agropotravinárskeho trhu. Špecifiká agropotravinárstva. Potravinársky priemysel a jeho pododvetvia. Hodnotenie potravinárskych výrobkov spotrebiteľom. Marketingová stratégia a zdravý životný štýl....

Full description

Saved in:
Bibliographic Details
Main Author: Francová, Zuzana, 1971-
Format: Book Chapter
Language:Slovak
Subjects:
Tags: Add Tag
No Tags, Be the first to tag this record!

MARC

LEADER 00000naa$a2200000$$$4500
001 0027244
005 20240502071428.1
041 0 |a slo 
044 |a SK 
245 1 0 |a Aktuálne otázky marketingu v agropotravinárskom priemysle  |c Zuzana Francová 
520 |a Trendy v ekonomike podľa americkej marketingovej firmy BrainReserv. Vplyv týchto trendov v podmienkach agropotravinárskeho trhu. Špecifiká agropotravinárstva. Potravinársky priemysel a jeho pododvetvia. Hodnotenie potravinárskych výrobkov spotrebiteľom. Marketingová stratégia a zdravý životný štýl. Marketing zážitkov. 
610 2 0 |a potravinárstvo 
610 2 0 |a agropotravinárstvo 
610 2 0 |a výživa 
610 2 0 |a zdravie 
610 2 0 |a štýl životný 
610 2 0 |a bioprodukty 
610 2 0 |a výroba 
610 2 0 |a predaj 
610 2 0 |a spotrebitelia 
610 2 0 |a marketing 
100 1 |a Francová, Zuzana, 1971-